000
00202nam a2200085 4500
001
1236832
005
20251002130839.0
245
_a
KRİSTOF KOLOMB
_c
SAMUEL E. MORISON
260
_b
ALTIN ÇOCUK KİTAPLARI
999
_c
1236832
_d
1236832